000 00548nam a2200205Ia 4500
005 20240913130132.0
008 240913s9999||||xx |||||||||||||| ||und||
020 _a0-89079-567-3
041 _aENGLISH
082 _A617.5225 N3
100 _aMoller,Karlind T
245 0 _aCleft Palate : Interdisciplinary Issues and Treatment
250 _a1st
260 _c1993
_bPro.e
500 _aREFERENCE
650 _aAudiology Speech and Language Pathology
_bAllied Health Science
700 _a Starr,Clark D
942 _cREF
999 _c247045
_d247045